載入...
L D Clerk Arivinte pedakam /
| 格式: | Printed Book |
|---|---|
| 語言: | Undetermined |
| 出版: |
Kozhikode :
Direction Publication Division ,
2013.
|
| LEADER | 00482nam a2200133Ia 4500 | ||
|---|---|---|---|
| 001 | 183630 | ||
| 008 | 170722s9999 xx 000 0 und d | ||
| 245 | |a L D Clerk |b Arivinte pedakam / | ||
| 260 | |a Kozhikode : |b Direction Publication Division , |c 2013. | ||
| 300 | |a 864 p. | ||
| 923 | |d 20131015 |n MBC-1236/1 | ||
| 942 | |c REF | ||
| 999 | |c 150753 |d 150753 | ||
| 952 | |0 0 |1 0 |4 0 |6 ZOBT_55_32Q3R |7 0 |8 R |9 212547 |a LIB |b LIB |d 2013-10-23 |e Modern Book Centre |o zObT:5,5 32Q3(R) |p 292750 |r 2017-08-12 |v 315.00 |w 2017-08-12 |y REF | ||